<?xml version="1.0" encoding="UTF-8"?><?xml-stylesheet type="text/xsl" href="static/style.xsl"?><OAI-PMH xmlns="http://www.openarchives.org/OAI/2.0/" xmlns:xsi="http://www.w3.org/2001/XMLSchema-instance" xsi:schemaLocation="http://www.openarchives.org/OAI/2.0/ http://www.openarchives.org/OAI/2.0/OAI-PMH.xsd"><responseDate>2026-04-29T10:58:08Z</responseDate><request verb="GetRecord" identifier="oai:uvadoc.uva.es:10324/71467" metadataPrefix="marc">https://uvadoc.uva.es/oai/request</request><GetRecord><record><header><identifier>oai:uvadoc.uva.es:10324/71467</identifier><datestamp>2024-11-15T11:33:14Z</datestamp><setSpec>com_10324_38</setSpec><setSpec>col_10324_852</setSpec></header><metadata><record xmlns="http://www.loc.gov/MARC21/slim" xmlns:doc="http://www.lyncode.com/xoai" xmlns:xsi="http://www.w3.org/2001/XMLSchema-instance" xmlns:dcterms="http://purl.org/dc/terms/" xsi:schemaLocation="http://www.loc.gov/MARC21/slim http://www.loc.gov/standards/marcxml/schema/MARC21slim.xsd">
<leader>00925njm 22002777a 4500</leader>
<datafield tag="042" ind1=" " ind2=" ">
<subfield code="a">dc</subfield>
</datafield>
<datafield tag="720" ind1=" " ind2=" ">
<subfield code="a">Coco Esteban, Ainoa</subfield>
<subfield code="e">author</subfield>
</datafield>
<datafield tag="260" ind1=" " ind2=" ">
<subfield code="c">2024</subfield>
</datafield>
<datafield tag="520" ind1=" " ind2=" ">
<subfield code="a">La igualdad de género en materia laboral es un indicador de la promoción de justicia y &#xd;
equidad de cualquier sociedad y la participación de la mujer, garantía de mayor crecimiento &#xd;
económico. Es finalidad del presente trabajo analizar la situación actual de la igualdad de &#xd;
género en el mercado laboral español, evaluando los resultados de medidas existentes para &#xd;
promoverla. Para ello se procedió a realizar un análisis a fuentes bibliográficas existentes y &#xd;
a estadísticas mostradas por organismos oficiales, así como un estudio de caso sobre una &#xd;
empresa española tras la implantación del Plan de Igualdad. Los resultados mostraron las &#xd;
características del mercado laboral español con profundas desventajas para la mujer, &#xd;
menor tasa de empleo, mayor tasa de desempleo y una brecha salarial a favor de los &#xd;
hombres, menor participación en cargos directivos y segregación ocupacional. Son todos &#xd;
elementos que componen el panorama laboral de España pese a todos los esfuerzos y &#xd;
avances alcanzados. Finalmente se concluye que es desde la educación, formación y las &#xd;
medidas asumidas por las autoridades y desde las propias empresas, como se obtendrán &#xd;
los cambios necesarios para una sociedad más justa y en crecimiento permanente</subfield>
</datafield>
<datafield tag="024" ind2=" " ind1="8">
<subfield code="a">https://uvadoc.uva.es/handle/10324/71467</subfield>
</datafield>
<datafield ind1=" " ind2=" " tag="653">
<subfield code="a">Mujeres - Trabajo - España</subfield>
</datafield>
<datafield tag="245" ind1="0" ind2="0">
<subfield code="a">Igualdad de género en el mercado laboral español</subfield>
</datafield>
</record></metadata></record></GetRecord></OAI-PMH>